• 首页
  • 本馆介绍
  • 公告通知
  • 最新文献
  • 馆藏检索
  • 电子资源
  • 读者导购
  • 参考咨询
  • 我的图书馆
  • 登录
  • 详细信息显示
  • 放入我的书架
  • 预约/预借图书
  • 作者相关作品
  • 分类相关作品
  • 丛书相关作品
  • 出版社相关作品

书目信息

  • 表格格式
  • 工作单格式
  • 卡片格式
题名:
井巷设计与施工
    
 
作者: 李长权 , 杨建中 主编
分册:  
出版信息: 北京   冶金工业出版社  2015
页数: 250页
开本: 26cm
丛书名:
单 册:
中图分类: TD26
科图分类:
主题词: 井巷工程--教材--高等职业教育--设计 , 井巷工程--教材--高等职业教育--工程施工
电子资源:
ISBN: 978-7-5024-6606-0
000 01037nam0 2200265 450
001 12
005 20160905101619.12
010    @a978-7-5024-6606-0@dCNY35.00
100    @a20150618d2015 em y0chiy50 ea
101 0  @achi
102    @aCN@b110000
105    @aa z 000yy
200 1  @a井巷设计与施工@9jing xiang she ji yu shi gong@f李长权,杨建中主编
205    @a2版
210    @a北京@c冶金工业出版社@d2015
215    @a250页@c图@d26cm
300    @a“十二五”职业教育规划教材
330    @a本书阐述了冶金矿山井巷的设计方法及施工技术,取材按照理论联系实际的原则,紧密结合生产实际,力求反映在平巷、天井、竖井、斜井和硐室的设计与施工中所采用的新方法和新技术。另外,对现场施工组织管理、安全操作规程及事故处理程序也作了介绍。
606 0  @a井巷工程@j教材@x高等职业教育@x设计
606 0  @a井巷工程@j教材@x高等职业教育@x工程施工
690    @aTD26@v5
701  0 @a李长权@9li chang quan@f(1964.3~)@4主编
701  0 @a杨建中@9yang jian zhong@4主编
801  0 @aCN@b大连网信软件有限公司图书馆·11@c20160905
905    @aZUCC@dTD26@e32=2
    
    井巷设计与施工/李长权,杨建中主编.-2版.-北京:冶金工业出版社,2015
    250页:图;26cm
    “十二五”职业教育规划教材
    
    ISBN 978-7-5024-6606-0:CNY35.00
    本书阐述了冶金矿山井巷的设计方法及施工技术,取材按照理论联系实际的原则,紧密结合生产实际,力求反映在平巷、天井、竖井、斜井和硐室的设计与施工中所采用的新方法和新技术。另外,对现场施工组织管理、安全操作规程及事故处理程序也作了介绍。
●
相关链接 在E读中查询图书 在五车中查询图书 在当当中查询图书 在豆瓣中查询图书


正题名:井巷设计与施工     索取号:TD26/32=2         预约/预借

序号 登录号 条形码 馆藏地/架位号 状态 备注
1 900043   209000436   第二样本阅览室/ [索取号:TD26/32=2] 在馆    
2 900044   209000445   第三借阅区/ [索取号:TD26/32=2] 在馆    
3 900045   209000454   第三借阅区/ [索取号:TD26/32=2] 在馆    
4 900046   209000463   第三借阅区/ [索取号:TD26/32=2] 在馆    
5 900047   209000472   第三借阅区/ [索取号:TD26/32=2] 在馆    
唐山师范学院图书馆 欢迎您!
大连网信软件有限公司© 版权所有